000 00746nam a2200217 a 4500
001 BRCA_1734
003 FranzMayer
005 20220809134625.0
008 070508s2006 mx-a---###---#000-0#spa-#
020 _a968779433X
040 _aAZU
_cAZU
_dIQU
050 4 _aF1226
_b.C42 2006
245 1 0 _aTesoros de papel
_bdocumentos del Centro de Estudios de Historia de México CONDUMEX.
260 _aMéxico
_bMuseo Soumaya : CONDUMEX
_c2006
300 _a381 p.
_bil. a color
_c32 cm.
500 _aUbicación de CONT9979: L59-N5
610 2 4 _aCentro de Estudios de Historia de México Condumex
_bArchivo Histórico
_vExposiciones
_95416
651 4 _aMexico
_vBibliografía
_xHistoria
_95417
653 0 _aColección CONDUMEX - CARSO
942 _2lcc
_cB
999 _c1520
_d1520